| 000 | 01524nam0a2200433 4500 | ||
|---|---|---|---|
| 001 | RU\NLR\bibl\110054 | ||
| 005 | 20250617091629.0 | ||
| 010 |
_a5-7684-0111-3 _9115000 |
||
| 020 |
_aRU _b98-34859 _9Книжная летопись |
||
| 021 |
_aRU _b98-25393 _91210 |
||
| 035 | _a(NLR Aleph) 000107714 | ||
| 090 |
_a610266 _c610266 |
||
| 100 | _a20000410d1998 |||y0rusy50 ca | ||
| 101 | 1 | _arus | |
| 102 | _aRU | ||
| 105 | _ay ||||||||| | ||
| 200 | 1 |
_aМузыка смерти _f[Перевод с англ. А. Токарева] |
|
| 210 |
_aСПб. _cАзбука _d1998 |
||
| 215 |
_a525,[2] с. _cил. _d22 |
||
| 225 | 1 | _aЧужие против хищника | |
| 225 | 1 | _aВойна миров | |
| 300 | _aНа пер. авт.: И. Наварро | ||
| 327 | 1 | _aСодерж.: Музыка смерти / И. Наварро. Холодная война / Н. Арчер | |
| 610 | 0 | _aНаучно-фантастические романы и рассказы (х. л.) | |
| 675 |
_a820(73)-31 _v3 _zrus |
||
| 686 |
_a17 _2rugasnti |
||
| 686 |
_a84(7Сое) _2rubbk |
||
| 686 | _aШ6(7США)67-445(Н) | ||
| 686 | _aШ6(7США)67-445(А) | ||
| 700 | 1 |
_4070 _7ca _8rus _aНаварро _bИ. _f1957- _gИвонна _9239700 _3RU\NLR\AUTH\770239756 |
|
| 801 | 0 |
_aRU _bRKP _c20000410 _gPSBO |
|
| 801 | 1 |
_aRU _bRKP _c20000410 |
|
| 801 | 2 |
_aRU _bNLR _c20001018 _grcr |
|
| 852 |
_aNLR _j98-3/7646 |
||
| 942 | _cBOOK | ||
| 980 | _aNB | ||